000 00655cam a2200193 i 4500
005 20251204114355.0
008 250721s9999 jo gr 000 0 ara d
082 1 4 _a214.5
_bط ي ب
100 1 _aالطيبي، عكاشة عبد المنان
_eمؤلف.
245 1 0 _aأهوال القيامة /
_cإعداد عكاشة عبد المنان الطيبي.
250 _aالطبعة الأولى.
264 3 1 _aعمان :
_bدار الإسراء للنشر والتوزيع،
300 _a72 صفحة.
650 1 7 _aاليوم الآخر.
650 1 7 _aالقبر.
650 1 7 _aالعذاب.
942 _2ddc
_cBK
999 _c99571
_d99571